Historia social y económica de la República Dominicana / (Registro nro. 14843)
[ vista simple ]
| 000 -LEADER | |
|---|---|
| fixed length control field | 01840nam a2200325 a 4500 |
| 001 - CONTROL NUMBER | |
| control field | 000033376 |
| 003 - CONTROL NUMBER IDENTIFIER | |
| control field | OSt |
| 005 - DATE AND TIME OF LATEST TRANSACTION | |
| control field | 20241101131112.0 |
| 008 - FIXED-LENGTH DATA ELEMENTS--GENERAL INFORMATION | |
| fixed length control field | 090819s2009 dr ac 000 0 spa dr |
| 020 ## - INTERNATIONAL STANDARD BOOK NUMBER | |
| International Standard Book Number | 999347682X (v.1) |
| 040 ## - CATALOGING SOURCE | |
| Original cataloging agency | DO-SdBPM |
| Language of cataloging | spa |
| Transcribing agency | BPMSU |
| 082 #4 - DEWEY DECIMAL CLASSIFICATION NUMBER | |
| Classification number | 330.97293 |
| Item number | C343h 2009 |
| Edition number | 22 |
| 100 1# - MAIN ENTRY--PERSONAL NAME | |
| Personal name | Cassá, Roberto, |
| Dates associated with a name | 1948- |
| 245 10 - TITLE STATEMENT | |
| Title | Historia social y económica de la República Dominicana / |
| Statement of responsibility, etc. | Roberto Cassá ; ilustraciones Ramiro Manzano ; fotografias Emilio Cordero Michael y Roberto Cassa. |
| 250 ## - EDITION STATEMENT | |
| Edition statement | ed. aumentada y corregida |
| 260 ## - PUBLICATION, DISTRIBUTION, ETC. (IMPRINT) | |
| Place of publication, distribution, etc. | Santo Domingo : |
| Name of publisher, distributor, etc. | Alfa & Omega, |
| Date of publication, distribution, etc. | 2009 |
| 300 ## - PHYSICAL DESCRIPTION | |
| Extent | v. : |
| Other physical details | il., retrs. ; |
| Dimensions | 27 cm. |
| 500 ## - GENERAL NOTE | |
| General note | |
| 500 ## - GENERAL NOTE | |
| General note | |
| 504 ## - BIBLIOGRAPHY, ETC. NOTE | |
| Bibliography, etc | Bibliografía : p. 345-352 |
| 505 0# - FORMATTED CONTENTS NOTE | |
| Formatted contents note | El territorio dominicano y su poblamiento -- Antecedentes europeos -- España medieval -- África occidental en los albores de la época moderna -- Los pobladores aborígenes -- Colón y la conquista española -- La encomienda -- Decadencia de la encomienda y tránsito de la agropecuaria -- La industria azucarera -- Economía y sociedad en el siglo XVI -- La depresión prolongada del siglo XVII -- Recuperación del siglo XVIII -- El hato ganadero y los fundamentos del campesinado -- Cambios en las condiciones internacionales -- Crisis del orden colonial -- El precario retorno de la soberanía española -- La ocupación haitiana. |
| 590 ## - LOCAL NOTE (RLIN) | |
| Local note | Inventariado 2024 /VM |
| 651 #4 - SUBJECT ADDED ENTRY--GEOGRAPHIC NAME | |
| Geographic name | República Dominicana |
| General subdivision | Condiciones Económicas |
| -- | Historia |
| 651 #4 - SUBJECT ADDED ENTRY--GEOGRAPHIC NAME | |
| Geographic name | República Dominicana |
| General subdivision | Condiciones Sociales |
| -- | Historia |
| 651 #4 - SUBJECT ADDED ENTRY--GEOGRAPHIC NAME | |
| Geographic name | República Dominicana |
| General subdivision | Población |
| -- | Historia |
| 700 1# - ADDED ENTRY--PERSONAL NAME | |
| Personal name | Manzano, Ramiro, |
| Relator term | ilustración |
| 700 1# - ADDED ENTRY--PERSONAL NAME | |
| Personal name | Cordero Michael, Emilio, |
| Relator term | fotografía |
| 910 ## - USER-OPTION DATA (OCLC) | |
| User-option data | VMateo V. Control de calidad. BPMSU |
| 942 ## - ADDED ENTRY ELEMENTS (KOHA) | |
| Source of classification or shelving scheme | Dewey Decimal Classification |
| Koha item type | Libros |
| Withdrawn status | Lost status | Source of classification or shelving scheme | Damaged status | Not for loan | Collection code | Home library | Current library | Date acquired | Total Checkouts | Full call number | Barcode | Date last seen | Copy number | Price effective from | Koha item type |
|---|---|---|---|---|---|---|---|---|---|---|---|---|---|---|---|
| Dewey Decimal Classification | Colección Dominicana | Biblioteca Pública Metropolitana Salomé Ureña | Biblioteca Pública Metropolitana Salomé Ureña | 11/01/2024 | BPMSU CD 330.97293 C343h 2009 | BPMSU24110003 | 11/01/2024 | v.1 | 11/01/2024 | Libros |